| 000 | 00654nam a2200181 4500 | ||
|---|---|---|---|
| 001 | 137615 | ||
| 003 | ES-MaACL | ||
| 005 | 20230906195416.0 | ||
| 007 | t| | ||
| 008 | 070214n19201936sp r ||||1| spa d | ||
| 100 | 1 |
_aSalazar Mouliáa, Zacarías. _9101825 |
|
| 245 | 1 | 0 |
_aRacionamiento del ganado / _cZacarías Salazar. |
| 260 |
_aMadrid : _bMinisterio de Fomento, Servicio de Publicaciones Agrícolas, _c[19__?] |
||
| 300 |
_a54 p. ; _c19 cm. |
||
| 500 | _aPrecede al tít.: Ministerio de Fomento. Dirección General de Agricultura y Montes. | ||
| 710 | 1 |
_aEspaña. _bDirección General de Agricultura y Montes. _93870 |
|
| 852 |
_aES-MaACL _j1729-F-2 |
||
| 999 |
_c137615 _d137615 |
||